000 00654nam a22002297a 4500
003 UA-OsUOA
001 99224
007 ta
008 20130425b un ||||| |||| 00| 0 ukr d
100 _aСкосырев П.
090 _a821.161.1
_bС44
942 _cBK
040 _aUA-OsUOA
_brus
_cUA-OsUOA
_dUA-OsUOA
245 _aВаш покорный слуга. Фархад. Стрелок из лука
300 _a525 с.
955 _a3
041 _arus
080 _a821.161.1
260 _aМ.
_bСоветский писатель
_c1968
650 7 _a82 Література. Літературознавство
_2UDC
999 _c385336
_d385336